Statistics for Abdomen - 3

Click here to take the quiz!

General Stats

  • This quiz has been taken 4 times
  • The average score is 7 of 12

Answer Stats

HintAnswer% Correct
How long in centimeters roughly is a ureter?25
100%
How many adrenal arteries supply each adrenal gland?3
100%
Do the adrenal glands lie in the renal capsules?No
100%
The ureters run in line with transverse processes of L1-L, but do they run anteriorly or posteriorly to the common iliac arteries?Anteriorly
67%
At chat vertebral level is the renal hila found?L1
67%
Which kidney right or left is slightly lower?Right
67%
The coeliac plexus is formed from the convergence of the greater lesser and least splanchnic nerves, but what nerve roots produce the greater?T5-T9
67%
What part of the diaphragm do all its fibres eventually insert into?Central tendon
33%
In its long course the ureter recieves three main different blood supplies, renal, vesical and which third artery?Gonadal
33%
In full expiration the diaphragm has the 4,5,6 rule for surface markings. If 4 is 4th intercostal space = right dome, and 6 is 6th costal cartillage = central tendon, then what is 5, 5th rib?Left dome
33%
What structure does the renal pelvis continue as?Ureter
33%
What specific part of the sternum do te anterior fibres of the diaphragm arise from?Xiphisternum
33%

Score Distribution

Percentile by Number Answered

Percent of People with Each Score

Your Score History

You have not taken this quiz